000 01960cam a22005894i 4500
003 PE-LiUPU
005 20250731170437.0
008 150616s r 000 0 d
035 _a(Sirsi) a3242
040 _aPE-LiUPU
_bspa
_cPE-LiUPU
_erda
049 _aPRUA
082 0 4 _a193.2
_bS387k
_223
100 1 _aSchultz, Uwe,
_d1936-
_eautor.
245 1 0 _aKant /
_cUwe Schultz ; traducción de Francisco Payarols Casas.
264 1 _aBarcelona :
_bLabor,
_c1971.
300 _a125 páginas :
_bilustraciones ;
_c20 centímetros.
336 _atext
_2rdacontent
337 _aunmediated
_2rdamedia
338 _avolume
_2rdacarrier
490 0 _a(Nueva Colección Labor)
505 0 _aLa vida y la obra de Kant -- Juventud y hogar paterno -- Collegium Fridericianum -- Universidad -- Preceptor -- Profesor auxiliar -- Catedrático -- Profesor jubilado -- Su persona física -- Su carácter -- La obra de Kant -- Los tratados precríticos -- Los escritos críticos -- La religión dentro de los límites de la mera razón -- Cronología -- Testimonios.
526 _aSEG68
526 _aSEG70
526 _aSEG69
526 _aSEG67
526 _aSEG43
526 _aP144
526 _aP143
526 _aP131
526 _aP122
526 _aP120
526 _aP117
526 _aP112
526 _aP110
526 _aP106
526 _aP101
526 _aP80
526 _aP59
526 _aP54
526 _aP35
526 _aP33
526 _aP30
600 0 _aKant, Immanuel,
_d1724-1804
_xCrítica e interpretación.
_94345
650 1 4 _aFilosofía alemana
_xHistoria y crítica.
_94343
650 2 4 _aFilósofos alemanes
_xBiografías.
_94344
650 2 4 _aTeología
_xHistoria y crítica.
_94346
700 _aPayarols Casas, Francisco,
_etraductor.
_94347
910 _ajck
942 _2ddc
_cBK
980 _81
_gALBERTO SANCHEZ Responsable de Automatización
999 _c40070
_d40070